La huella morisca / (Record no. 178857)

MARC details
000 -LEADER
campo de control de longitud fija 01248nam a2200337 4500
001 - NÚMERO DE CONTROL
campo de control 178857
003 - IDENTIFICADOR DE NÚMERO DE CONTROL
campo de control ES-MaACL
005 - FECHA Y HORA DE LA ÚLTIMA TRANSACCIÓN
campo de control 20230911122629.0
008 - DATOS DE LONGITUD FIJA--INFORMACIÓN GENERAL
campo de control de longitud fija 110719s2010 sp | |||| | spa d
020 ## - NÚMERO INTERNACIONAL ESTÁNDAR DEL LIBRO
Número Internacional Estándar del Libro 978-84-92573-97-4
080 ## - NÚMERO DE LA CLASIFICACIÓN DECIMAL UNIVERSAL
Número de la Clasificación Decimal Universal 94(=411.21:460)
080 ## - NÚMERO DE LA CLASIFICACIÓN DECIMAL UNIVERSAL
Número de la Clasificación Decimal Universal 316.72(460)
080 ## - NÚMERO DE LA CLASIFICACIÓN DECIMAL UNIVERSAL
Número de la Clasificación Decimal Universal 930.85(460:=411.21)
100 1# - ENTRADA PRINCIPAL--NOMBRE DE PERSONA
Nombre de persona Rodríguez Ramos, Antonio Manuel.
9 (RLIN) 147394
245 13 - MENCIÓN DEL TÍTULO
Título La huella morisca /
Mención de responsabilidad, etc. Antonio Manuel ; [edición de Javier Ortega].
246 34 - FORMA VARIANTE DEL TITULO
Texto de visualización Subtítulo de cub.
Título propio/Titulo breve El Al Ándalus que llevamos dentro
250 ## - MENCION DE EDICION
Mención de edición 1ª ed.
260 ## - PUBLICACIÓN, DISTRIBUCIÓN, ETC.
Lugar de publicación, distribución, etc. [Córdoba] :
Nombre del editor, distribuidor, etc. Amuzara,
Fecha de publicación, distribución, etc. 2010.
300 ## - DESCRIPCIÓN FÍSICA
Extensión 203 p. ;
Dimensiones 24 cm.
490 1# - MENCIÓN DE SERIE
Mención de serie Colección Andalucía
505 8# - NOTA DE CONTENIDO CON FORMATO
Nota de contenido con formato Contiene: Addenda: ;
Título Testimonio del morisco Muley Francisco Núñez (1567) ;
-- Declaración de Chauen (31 de octubre de 2006)
650 #7 - PUNTO DE ACCESO ADICIONAL DE MATERIA--TÉRMINO DE MATERIA
Término de materia o nombre geográfico como elemento de entrada Musulmanes-
Subdivisión geográfica España-
Subdivisión general Historia.
9 (RLIN) 147395
650 07 - PUNTO DE ACCESO ADICIONAL DE MATERIA--TÉRMINO DE MATERIA
Término de materia o nombre geográfico como elemento de entrada Identidad cultural-
Subdivisión geográfica España.
9 (RLIN) 13537
651 #7 - PUNTO DE ACCESO ADICIONAL DE MATERIA--NOMBRE GEOGRÁFICO
Nombre geográfico España-
Subdivisión general Civilización-
-- Influencia árabe.
9 (RLIN) 8166
700 1# - ENTRADA AGREGADA--NOMBRE PERSONAL
Nombre de persona Ortega, Javier.
9 (RLIN) 147396
830 0# - PUNTO DE ACCESO ADICIONAL DE SERIE-TÍTULO UNIFORME
Título uniforme Colección Andalucía
9 (RLIN) 224356
852 ## - LOCALIZACIÓN
Ubicación ES-MaACL
itemnumber 185722
Sublocalización o colección R.145865
Número de control de estantería A-11368
Signatura antigua Olim: N-4372
Ubicación en estantería Depósito 1
942 ## - ELEMENTOS DE ENTRADA SECUNDARIOS (KOHA)
Fuente del sistema de clasificación o colocación Clasificación decimal universal
Tipo de ítem Koha Libro impreso
Holdings
Estatus retirado Estado de pérdida Fuente del sistema de clasificación o colocación Estado de daño No para préstamo Biblioteca de origen Biblioteca actual Ubicación en estantería Fecha de adquisición Fuente de adquisición Total de préstamos Signatura topográfica completa Código de barras Visto por última vez Precio de reemplazo Tipo de ítem Koha
    Clasificación decimal universal     Biblioteca del Ateneo de Madrid Biblioteca del Ateneo de Madrid Depósito 1 19/07/2011 Compra   A-11368 1187877 23/02/2023 23/02/2023 Libro impreso